000 00867cam a22003012i 4500
001 ko06153
003 YEEZEN
005 20260127133630.0
008 240701s2024 ch e 000 0 chi d
020 _a9786267415665
_q(平裝) :
_c新臺幣499元
035 _a.b21157583
040 _aCIP
_bchi
_dRNI
_cCIP
042 _anbic
049 _aRNIA
090 _a861.57
_b5641-89
100 1 _a東野圭吾
240 1 0 _aあなたが誰かを殺した
245 1 0 _a你殺了誰 /
_c東野圭吾著; 王華懋譯
250 _a初版
260 _a臺北市 :
_b獨步文化,
_c2024.08
300 _a316面 ;
_c21公分
490 1 _a東野圭吾作品集;
_v44.
500 _a譯自:あなたが誰かを殺した
700 1 _a王, 華懋
765 0 _tあなたが誰かを殺した
830 0 _a東野圭吾作品集;
_v44.
942 _2ccl
_cBOOK
999 _c7689
_d7689